<?xml version="1.0" encoding="UTF-8"?>
<record
    xmlns:xsi="http://www.w3.org/2001/XMLSchema-instance"
    xsi:schemaLocation="http://www.loc.gov/MARC21/slim http://www.loc.gov/standards/marcxml/schema/MARC21slim.xsd"
    xmlns="http://www.loc.gov/MARC21/slim">

  <leader>01050nam2a22002291  4500</leader>
  <controlfield tag="001">rc\3917677</controlfield>
  <controlfield tag="005">20250610125412.0</controlfield>
  <datafield tag="035" ind1=" " ind2=" ">
    <subfield code="a">(NLR Aleph) 007911929</subfield>
  </datafield>
  <datafield tag="090" ind1=" " ind2=" ">
    <subfield code="a">8102892</subfield>
    <subfield code="c">8102892</subfield>
  </datafield>
  <datafield tag="100" ind1=" " ind2=" ">
    <subfield code="a">20130415d1948    |||y0rusy50      ca</subfield>
  </datafield>
  <datafield tag="101" ind1="0" ind2=" ">
    <subfield code="a">rus</subfield>
  </datafield>
  <datafield tag="102" ind1=" " ind2=" ">
    <subfield code="a">RU</subfield>
  </datafield>
  <datafield tag="105" ind1=" " ind2=" ">
    <subfield code="a">y   z   |||||</subfield>
  </datafield>
  <datafield tag="200" ind1="1" ind2=" ">
    <subfield code="a">&#x41A;&#x430;&#x43A; &#x436;&#x438;&#x432;&#x443;&#x442; &#x438; &#x440;&#x430;&#x437;&#x43C;&#x43D;&#x43E;&#x436;&#x430;&#x44E;&#x442;&#x441;&#x44F; &#x440;&#x44B;&#x431;&#x44B;</subfield>
  </datafield>
  <datafield tag="210" ind1=" " ind2=" ">
    <subfield code="d">1948</subfield>
    <subfield code="a">&#x411;. &#x43C;.</subfield>
  </datafield>
  <datafield tag="461" ind1=" " ind2="0">
    <subfield code="1">001rc\3917675</subfield>
    <subfield code="1">2001#$a&#x411;&#x438;&#x431;&#x43B;&#x438;&#x43E;&#x442;&#x435;&#x447;&#x43A;&#x430; &#x440;&#x44B;&#x431;&#x430;&#x43A;&#x430; &#x421;&#x438;&#x431;&#x438;&#x440;&#x438;$e[&#x412;&#x44B;&#x43F;. 1]-$f&#x41C;-&#x432;&#x43E; &#x440;&#x44B;&#x431;&#x43D;&#x43E;&#x439; &#x43F;&#x440;&#x43E;&#x43C;. &#x432;&#x43E;&#x441;&#x442;. &#x440;&#x430;&#x439;&#x43E;&#x43D;&#x43E;&#x432; &#x421;&#x421;&#x421;&#x420;. &#x413;&#x43B;. &#x443;&#x43F;&#x440;. &#x440;&#x44B;&#x431;&#x43D;&#x43E;&#x439; &#x43F;&#x440;&#x43E;&#x43C;. &#x421;&#x438;&#x431;&#x438;&#x440;&#x438;$v[&#x412;&#x44B;&#x43F;. 2]</subfield>
    <subfield code="9">8102882</subfield>
    <subfield code="c">&#x41D;&#x43E;&#x432;&#x43E;&#x441;&#x438;&#x431;&#x438;&#x440;&#x441;&#x43A;</subfield>
    <subfield code="d">1948</subfield>
    <subfield code="f">&#x41C;-&#x432;&#x43E; &#x440;&#x44B;&#x431;&#x43D;&#x43E;&#x439; &#x43F;&#x440;&#x43E;&#x43C;. &#x432;&#x43E;&#x441;&#x442;. &#x440;&#x430;&#x439;&#x43E;&#x43D;&#x43E;&#x432; &#x421;&#x421;&#x421;&#x420;. &#x413;&#x43B;. &#x443;&#x43F;&#x440;. &#x440;&#x44B;&#x431;&#x43D;&#x43E;&#x439; &#x43F;&#x440;&#x43E;&#x43C;. &#x421;&#x438;&#x431;&#x438;&#x440;&#x438;</subfield>
    <subfield code="n">&#x413;&#x43B;&#x430;&#x432;&#x441;&#x438;&#x431;&#x440;&#x44B;&#x431;&#x43F;&#x440;&#x43E;&#x43C;</subfield>
    <subfield code="o">[&#x412;&#x44B;&#x43F;. 1]-</subfield>
    <subfield code="t">&#x411;&#x438;&#x431;&#x43B;&#x438;&#x43E;&#x442;&#x435;&#x447;&#x43A;&#x430; &#x440;&#x44B;&#x431;&#x430;&#x43A;&#x430; &#x421;&#x438;&#x431;&#x438;&#x440;&#x438;</subfield>
    <subfield code="v">[&#x412;&#x44B;&#x43F;. 2]</subfield>
  </datafield>
  <datafield tag="700" ind1=" " ind2="1">
    <subfield code="a">&#x413;&#x443;&#x43D;&#x434;&#x440;&#x438;&#x437;&#x435;&#x440;</subfield>
    <subfield code="b">&#x410;.&#x41D;.</subfield>
  </datafield>
  <datafield tag="801" ind1=" " ind2="0">
    <subfield code="a">RU</subfield>
    <subfield code="b">NLR</subfield>
    <subfield code="g">psbo</subfield>
  </datafield>
  <datafield tag="801" ind1=" " ind2="1">
    <subfield code="a">RU</subfield>
    <subfield code="b">ELAR</subfield>
    <subfield code="2">rusmarc</subfield>
  </datafield>
  <datafield tag="852" ind1=" " ind2=" ">
    <subfield code="a">NLR</subfield>
    <subfield code="j">302 &#x413;-4/113</subfield>
  </datafield>
  <datafield tag="942" ind1=" " ind2=" ">
    <subfield code="c">BOOK</subfield>
  </datafield>
  <datafield tag="980" ind1=" " ind2=" ">
    <subfield code="a">NB</subfield>
  </datafield>
  <datafield tag="995" ind1=" " ind2=" ">
    <subfield code="5">2013-10-26</subfield>
    <subfield code="b">NLR01</subfield>
    <subfield code="c">NLR01</subfield>
    <subfield code="e">TEMP</subfield>
    <subfield code="f">7911929-10</subfield>
    <subfield code="k">302 &#x413;-4/113</subfield>
    <subfield code="o">0</subfield>
    <subfield code="r">BOOK</subfield>
    <subfield code="s">302_4113</subfield>
  </datafield>
</record>
